| 000 | 01083nam0a2200313 i 4500 | ||
|---|---|---|---|
| 001 | RU\NLR\BIBL_A\011083404 | ||
| 005 | 20240922004229.0 | ||
| 010 |
_a9785847509053 _94000 |
||
| 021 |
_aRU _b2016-17455 _91127 |
||
| 035 | _a(NILC)RuMoRGB-008235463 | ||
| 035 | _a(NLR Aleph) 011083404 | ||
| 090 |
_a11334163 _c11334163 |
||
| 100 | _a20160325d2016 u y0rusy50 ca | ||
| 101 | 0 | _arus | |
| 102 | _aRU | ||
| 105 | _ay|||z|||000 | ||
| 200 | 1 |
_aЛучшие салаты мировой кухни _e250 вкусных, полезных, проверенных рецептов со всего света _f[сост.: Р. И. Шастак] |
|
| 210 |
_aМосква _aТверь _cМартин _d2016 |
||
| 215 |
_a175, [1] с. _d22 |
||
| 225 | 1 | _aНа любой вкус | |
| 606 | 1 |
_aСалаты _xРецептура _92080249 _3RU\NLR\AUTH\661256168 |
|
| 686 | 1 | _aЛ991.4 | |
| 702 | 1 |
_aШастак _bР. И. _4220 |
|
| 801 | 0 |
_aRU _bРГБ _c20160303 _gRCR |
|
| 801 | 1 |
_aRU _bРГБ _c20160303 _2rusmarc |
|
| 942 | _cBOOK | ||
| 980 | _aNBR | ||